000 00866nam a2200277 i 4500
005 20210818181946.0
008 070803s2007 ck o gr 000 0 spa
020 _a9789584500021
040 _aCOMFC
_bspa
_erda
245 0 0 _aLaurel
246 1 4 _aSubtítulo: laurel noble, laurel franco, laurel europeo
264 0 1 _aBogotá
_bGrupo Editorial Norma
_c2007
300 _a32 páginas
_bfotografías
_c21 cm
336 _2rdacontent
_atxt
337 _2rdamedia
_an
338 _2rdacarrier
_anc
490 _952685
_aColección hierbas & especias
500 _aIncluye glosario
082 0 4 _a641.6383
_2L378l
650 1 4 _aLaurel (Cocina)
650 1 4 _aLaurel
_xUso terapéutico
650 2 4 _aPlantas aromáticas (Cocina)
650 2 4 _aPlantas de condimento
650 2 4 _aEspecias
942 _2ddc
_h641.6383 L378l
_k641.6383
_mL378l
999 _c13552
_d13552